000 00518nam a2200193Ia 4500
005 20250923145231.0
008 008 250917s9999 xx 000 0 eng d
037 _aTextual
040 _aDSWL
_beng
_cDSWL
041 _aeng
_2eng
084 _aY7
_qDSWL
245 0 _aResearch in Social Anthropology
_cby Social Science Research Council
260 _aLondon
_bHeinemann
_c1968
300 _a363p.
365 _aINR
_b7.6
925 _g7.6
942 _cTEXL
_hY7
999 _c1448765
_d1448765